Cảm xúc Tiểu thuyết
.
Đã lưu trong:
| Tác giả chính: | |
|---|---|
| Định dạng: | Sách |
| Năm xuất bản: |
H.
Văn học
1999
|
| Chủ đề: | |
| Tags: |
Thêm thẻ
Không có thẻ, Hãy là người đầu tiên gắn thẻ bản ghi này!
|
| LEADER | 01003nam a2200193 4500 | ||
|---|---|---|---|
| 082 | |a 810 |b M 100 H | ||
| 100 | |a Mc Mahon, Barbara | ||
| 245 | |a Cảm xúc |b Tiểu thuyết |c Barbara Mc Mahon; Văn Hòa, Kim Thùy dịch | ||
| 260 | |a H. |b Văn học |c 1999 | ||
| 300 | |a 225 tr. |c 19 cm | ||
| 520 | |a . | ||
| 653 | |a Văn học hiện đại | ||
| 653 | |a Canada | ||
| 653 | |a Tiểu thuyết | ||
| 942 | |2 ddc |c STK0 | ||
| 999 | |c 4349 |d 4349 | ||
| 952 | |0 0 |1 0 |2 ddc |4 0 |6 810_000000000000000_M_100_H |7 0 |8 800 |9 43269 |a qbu |b qbu |c D5 |d 2014-12-19 |g 50000 |o 810 M 100 H |p 446.C1 |r 0000-00-00 |w 2014-12-19 |y STK0 |0 0 |6 810_M_100000000000000_H | ||
| 952 | |0 0 |1 0 |2 ddc |4 0 |6 810_000000000000000_M_100_H |7 0 |8 800 |9 43270 |a qbu |b qbu |c D5 |d 2014-12-19 |g 50000 |l 2 |m 1 |o 810 M 100 H |p 446.C2 |r 2015-11-10 |s 2015-11-03 |w 2014-12-19 |y STK0 |0 0 |6 810_M_100000000000000_H | ||
| 952 | |0 0 |1 0 |2 ddc |4 0 |6 810_000000000000000_M_100_H |7 0 |8 800 |9 43271 |a qbu |b qbu |c D5 |d 2014-12-19 |g 50000 |l 1 |o 810 M 100 H |p 446.C3 |r 2015-10-09 |s 2015-10-05 |w 2014-12-19 |y STK0 |0 0 |6 810_M_100000000000000_H | ||